Enfermedad diarreica aguda (Registro nro. 248317)

Detalles MARC
001 - NÚMERO DE CONTROL
campo de control 763830
005 - FECHA Y HORA DE LA ÚLTIMA TRANSACCIÓN
campo de control 20240201183229.0
007 - CAMPO FIJO DE DESCRIPCIÓN FÍSICA--INFORMACIÓN GENERAL
campo de control de longitud fija co|||||||
008 - DATOS DE LONGITUD FIJA--INFORMACIÓN GENERAL
campo de control de longitud fija 020727s2001 spa
035 ## - NÚMERO DE CONTROL DEL SISTEMA
Número de control de sistema 763830
035 ## - NÚMERO DE CONTROL DEL SISTEMA
Número de control de sistema (OCoLC)777828680
040 ## - FUENTE DE LA CATALOGACIÓN
Centro/agencia transcriptor comduadb
041 ## - CÓDIGO DE LENGUA
Código de lengua del texto/banda sonora o título independiente spa
100 10 - ENTRADA PRINCIPAL--NOMBRE DE PERSONA
Nombre de persona Escobar Toro, Pablo Andres
Código de función aut
Término indicativo de función/relación Autor/a
9 (RLIN) 359557
245 10 - MENCIÓN DE TÍTULO
Título Enfermedad diarreica aguda
300 ## - DESCRIPCIÓN FÍSICA
Extensión Conferencia No. 15
650 ## - PUNTO DE ACCESO ADICIONAL DE MATERIA--TÉRMINO DE MATERIA
Término de materia o nombre geográfico como elemento de entrada Enfermedad diarreica aguda (EDA)
9 (RLIN) 75111
650 ## - PUNTO DE ACCESO ADICIONAL DE MATERIA--TÉRMINO DE MATERIA
Término de materia o nombre geográfico como elemento de entrada Niños
9 (RLIN) 575
650 ## - PUNTO DE ACCESO ADICIONAL DE MATERIA--TÉRMINO DE MATERIA
Término de materia o nombre geográfico como elemento de entrada Deshidratación
9 (RLIN) 25947
650 ## - PUNTO DE ACCESO ADICIONAL DE MATERIA--TÉRMINO DE MATERIA
Término de materia o nombre geográfico como elemento de entrada Tratamiento
9 (RLIN) 156667
773 0# - ENLACE AL DOCUMENTO FUENTE/ENTRADA DE REGISTRO ANFITRIÓN
Título Primer curso de actualización para médicos generales
Número de control del registro 763814
Número bibliográfico anfitrión 250753
942 ## - ELEMENTOS DE ENTRADA AGREGADA (KOHA)
Tipo de ítem Koha Libros
Suprimir en OPAC No

No hay ítems disponibles.